[Event "Autumn Leisure 2009: 1600-2000"]
[Site "SchemingMind.com"]
[Date "2009.10.02"]
[Round "-"]
[White "keen"]
[Black "1tamad"]
[Result "1-0"]
[WhiteCountry "SCO"]
[BlackCountry "USA"]
[WhiteElo "1616"]
[WhiteRD "60"]
[BlackElo "1638"]
[BlackRD "78"]
[GameID "221717"]

1. d4 d5 2. e3 e6 3. Bd3 c5 4. c3 Nc6 5. Nd2 Nf6 6. f4 c4 7. Bc2 Be7 8. Ngf3 O-O 9. O-O b5 10. Ne5 Qc7
11. g4 Ne8 12. g5 f6 13. Bxh7+ Kxh7 14. Qh5+ Kg8 15. g6
1-0

[Event "Autumn Leisure 2009: 1600-2000"]
[Site "SchemingMind.com"]
[Date "2009.10.02"]
[Round "-"]
[White "1tamad"]
[Black "keen"]
[Result "1-0"]
[WhiteCountry "USA"]
[BlackCountry "SCO"]
[WhiteElo "1653"]
[WhiteRD "77"]
[BlackElo "1616"]
[BlackRD "58"]
[GameID "221719"]

1. d4 Nf6 2. e3 g6 3. Nf3 Bg7 4. c4 O-O 5. Nc3 d6 6. Be2 c5 7. O-O Nc6 8. h3 Bd7 9. Rb1 cxd4 10. exd4 a6
11. a3 Rc8 12. Be3 Rc7 13. b4 Qc8 14. Na4 Qe8 15. Nb6 Bf5 16. Bd3 Bxd3 17. Qxd3 Nd7 18. d5 Nce5 19. Nxe5 Nxe5 20. Qe2 Nd7
21. Rfd1 Nxb6 22. Bxb6 Rc8 23. Rbc1 Qd7 24. c5 dxc5 25. bxc5 Rfe8 26. c6 Qf5 27. cxb7 Rxc1 28. Rxc1 Be5 29. Qxa6 Qf4 30. Rc8 Kf8
31. Rxe8+ Kxe8 32. g3 Qc1+ 33. Kg2 Qb1 34. Qa8+ Kd7 35. Qc8+ Kd6 36. b8=Q+
1-0

[Event "Autumn Leisure 2009: 1600-2000"]
[Site "SchemingMind.com"]
[Date "2009.10.02"]
[Round "-"]
[White "Kenny Elliott"]
[Black "keen"]
[Result "0-1"]
[WhiteCountry "USA"]
[BlackCountry "SCO"]
[WhiteElo "1583"]
[WhiteRD "77"]
[BlackElo "1604"]
[BlackRD "56"]
[GameID "221770"]

1. d4 Nf6 2. c4 e6 3. Nc3 Bb4 4. Bd2 c5 5. e3 O-O 6. Bd3 d5 7. Nf3 Nc6 8. O-O cxd4 9. exd4 dxc4 10. Bxc4 Qe7
11. a3 Ba5 12. b4 Bb6 13. Bg5 h6 14. Bh4 g5 15. Bg3 Rd8 16. d5 exd5 17. Re1 dxc4 18. Qc2 Qf8 19. Ne5 Be6 20. Nxc6 bxc6
21. Ne4 Nxe4 22. Qxe4 Bd5 23. Qg4 Qg7 24. Be5 Qg6 25. Ra2 Be6 26. Qf3 Rac8 27. Rae2 Rd3 28. Qe4 Bf5 29. Qxc4 c5 30. Bd6 Qxd6
31. Re8+ Rxe8 32. Rxe8+ Kg7 33. g3 Rd1+ 34. Kg2 Qc6+
0-1

[Event "Autumn Leisure 2009: 1600-2000"]
[Site "SchemingMind.com"]
[Date "2009.10.02"]
[Round "-"]
[White "Kenny Elliott"]
[Black "1tamad"]
[Result "1-0"]
[WhiteCountry "USA"]
[BlackCountry "USA"]
[WhiteElo "1583"]
[WhiteRD "77"]
[BlackElo "1684"]
[BlackRD "77"]
[GameID "221771"]

1. d4 d5 2. c4 e6 3. Nc3 Nf6 4. Nf3 Be7 5. e3 O-O 6. cxd5 Nxd5 7. Nxd5 exd5 8. Be2 c6 9. O-O Nd7 10. Bd2 Nf6
11. Qb3 Ne4 12. Rad1 Rb8 13. Ba6 b6 14. Bd3 Be6 15. Ne5 Qd6 16. Qa4 b5 17. Qc2 f5 18. Nxc6 Rb7 19. Bb4 Qd7 20. Nxe7+ Kh8
21. Ng6+ hxg6 22. Bxf8
1-0

[Event "Autumn Leisure 2009: 1600-2000"]
[Site "SchemingMind.com"]
[Date "2009.10.02"]
[Round "-"]
[White "keen"]
[Black "Kenny Elliott"]
[Result "1-0"]
[WhiteCountry "SCO"]
[BlackCountry "USA"]
[WhiteElo "1616"]
[WhiteRD "58"]
[BlackElo "1544"]
[BlackRD "82"]
[GameID "221773"]

1. d4 d5 2. e3 Nf6 3. Bd3 c5 4. c3 Nc6 5. Nd2 e6 6. f4 Bd6 7. Ngf3 O-O 8. Ne5 c4 9. Bc2 Bxe5 10. fxe5 Nd7
11. Nf3 f6 12. O-O fxe5 13. e4 exd4 14. cxd4 Nb6 15. Be3 Bd7 16. e5 Qc7 17. Bxh7+ Kf7 18. Nh4+ Ke8 19. Rxf8+
1-0

[Event "Autumn Leisure 2009: 1600-2000"]
[Site "SchemingMind.com"]
[Date "2009.10.02"]
[Round "-"]
[White "1tamad"]
[Black "Kenny Elliott"]
[Result "1/2-1/2"]
[WhiteCountry "USA"]
[BlackCountry "USA"]
[WhiteElo "1684"]
[WhiteRD "77"]
[BlackElo "1583"]
[BlackRD "77"]
[GameID "221774"]

1. d4 Nf6 2. e3 d5 3. Bd3 c5 4. c3 Nc6 5. Nd2 e5 6. dxe5 Nxe5 7. Be2 Bd6 8. Ngf3 Bf5 9. O-O O-O 10. Nxe5 Bxe5
11. Nf3 Bd6 12. h3 Be4 13. Nd2 Bg6 14. c4 d4 15. exd4 cxd4 16. Nf3 Bc5 17. Bd3 Be4 18. Bg5 Bxd3 19. Qxd3 Qd6 20. a3 a5
21. Rfd1 h6 22. Bxf6 Qxf6 23. Rab1 Rfd8 24. b4 axb4 25. axb4 Ba7 26. c5 b6 27. cxb6=
1/2-1/2

[Event "Autumn Leisure 2009: 1600-2000"]
[Site "SchemingMind.com"]
[Date "2009.10.02"]
[Round "-"]
[White "Brian Acebo"]
[Black "Kenny Elliott"]
[Result "1-0"]
[WhiteCountry "USA"]
[BlackCountry "USA"]
[WhiteElo "1605"]
[WhiteRD "68"]
[BlackElo "1613"]
[BlackRD "69"]
[GameID "221782"]

1. e4 c5 2. Nf3 d6 3. d4 cxd4 4. Nxd4 e5 5. Nb3 Nf6 6. Bd3 Be7 7. Nc3 O-O 8. Be3 Be6 9. O-O Nc6 10. h3 Bxb3
11. axb3 a6 12. Qf3 b5 13. Nd5 Nxd5 14. exd5 Nd4 15. Bxd4 exd4 16. c4 b4 17. Qe4 g6 18. Qxd4 Bf6 19. Qe3 Bxb2 20. Ra2 Re8
21. Qf3 Bc3 22. Re2 Qa5 23. Rxe8+ Rxe8 24. Qd1 Qc5 25. Kh1 Bd4 26. Qd2 Ra8 27. f3 a5 28. g4 a4 29. bxa4 Rxa4 30. Qc2 Ra3
31. Rb1 Qb6 32. Be2 b3 33. Qd3 b2 34. Qxa3 Kg7 35. Kg2 Be5 36. Qd3 Qa5 37. Bd1 Qa1 38. Bc2 Kg8 39. Qb3 Kg7 40. f4 Bxf4
41. Qxb2+ Qxb2 42. Rxb2 Be5 43. Rb5 f5 44. gxf5 gxf5 45. Bxf5 h5 46. Kf3 Kf6 47. Bd3 Kg5 48. c5 Kh4 49. Bf5 Kg5 50. Be6 dxc5
51. Rxc5 Bd6 52. Rc6 Be5 53. d6 Kf6 54. d7 Ke7 55. Ke4 Bf6 56. Kf5 h4 57. Rc8
1-0

[Event "Autumn Leisure 2009: 1600-2000"]
[Site "SchemingMind.com"]
[Date "2009.10.02"]
[Round "-"]
[White "Brian Acebo"]
[Black "keen"]
[Result "0-1"]
[WhiteCountry "USA"]
[BlackCountry "SCO"]
[WhiteElo "1595"]
[WhiteRD "70"]
[BlackElo "1655"]
[BlackRD "55"]
[GameID "221783"]

1. e4 c5 2. Nf3 g6 3. d4 Bg7 4. Bc4 Nc6 5. dxc5 Nf6 6. Nc3 O-O 7. Bg5 b6 8. cxb6 Qxb6 9. Bb3 d6 10. Qd2 Ba6
11. O-O-O Rab8 12. h4 Bc4 13. Nd4 Nxd4 14. Be3 Nxb3+ 15. cxb3 Nxe4 16. Bxb6 Nxd2 17. Rxd2 Rxb6 18. bxc4 Bxc3 19. bxc3 Rfb8 20. Rhd1 Rc8
21. Kc2 Rxc4 22. Rd3 Ra4 23. Kd2 Rxa2+ 24. Ke3 Rbb2 25. R1d2 Rxd2 26. Rxd2 Rxd2 27. Kxd2 Kg7 28. Kd3 Kf6 29. Kc4 Ke5
0-1

[Event "Autumn Leisure 2009: 1600-2000"]
[Site "SchemingMind.com"]
[Date "2009.10.02"]
[Round "-"]
[White "Brian Acebo"]
[Black "1tamad"]
[Result "0-1"]
[WhiteCountry "USA"]
[BlackCountry "USA"]
[WhiteElo "1533"]
[WhiteRD "68"]
[BlackElo "1684"]
[BlackRD "70"]
[GameID "221784"]

1. e4 c5 2. Nf3 Nc6 3. d4 cxd4 4. Nxd4 d6 5. Bc4 Nf6 6. Nc3 g6 7. O-O Bg7 8. Bg5 O-O 9. Qd2 Re8 10. Nxc6 bxc6
11. Rfe1 Qc7 12. h3 Bb7 13. Bb3 e6 14. Kh1 d5 15. exd5 cxd5 16. Re2 Nd7 17. Rae1 Bxc3 18. bxc3 Rac8 19. Re3 Nc5 20. Qd4 Ne4
21. Bh6 e5 22. Qd3 Qxc3 23. Qxc3 Rxc3 24. f3 Rxe3 25. Rxe3 Nc5 26. c3 f6 27. g4 Kf7 28. Bc2 Rc8 29. Re2 d4 30. cxd4 exd4
31. Rd2 Bxf3+ 32. Kg1 Rd8 33. Kf2 Be4 34. Bf4 Bxc2 35. Rxc2 Ne6 36. Bg3 d3 37. Rd2 Nc5 38. Bc7 Rd7 39. Ba5 Ne4+ 40. Ke3 Nxd2
41. Bxd2 Rd5 42. a3 Ke6 43. Ke4 a6 44. h4 h5 45. gxh5 Rxh5 46. Kxd3 Rxh4 47. Be3 Rh3 48. Ke4 g5 49. a4 Rh4+
0-1

[Event "Autumn Leisure 2009: 1600-2000"]
[Site "SchemingMind.com"]
[Date "2009.10.06"]
[Round "-"]
[White "Kenny Elliott"]
[Black "Brian Acebo"]
[Result "1-0"]
[WhiteCountry "USA"]
[BlackCountry "USA"]
[WhiteElo "1585"]
[WhiteRD "82"]
[BlackElo "1526"]
[BlackRD "71"]
[GameID "221786"]

1. c4 e5 2. Nc3 Nf6 3. Nf3 Nc6 4. e4 Be7 5. Be2 O-O 6. O-O a6 7. d3 Rb8 8. Be3 d6 9. Bg5 h6 10. Bh4 b6
11. a3 b5 12. b3 bxc4 13. bxc4 Bg4 14. h3 Be6 15. a4 Na5 16. Qd2 Nb3 17. Qe3 Nxa1 18. Rxa1 c5 19. Nd5 Nxd5 20. Bxe7 Nxe7
21. Nh4 Bd7 22. Qg3 a5 23. f4 Nc6 24. f5 Nd4 25. Bh5 Rb4 26. Rf1 Be8 27. f6 g6 28. Nxg6 fxg6 29. Bxg6 Bxg6 30. Qxg6+
1-0

[Event "Autumn Leisure 2009: 1600-2000"]
[Site "SchemingMind.com"]
[Date "2009.10.06"]
[Round "-"]
[White "keen"]
[Black "Brian Acebo"]
[Result "0-1"]
[WhiteCountry "SCO"]
[BlackCountry "USA"]
[WhiteElo "1604"]
[WhiteRD "56"]
[BlackElo "1604"]
[BlackRD "74"]
[GameID "221787"]

1. d4 d5 2. c4 Nf6 3. Nf3 e6 4. Nc3 Be7 5. cxd5 Nxd5 6. Nxd5 Qxd5 7. e3 O-O 8. Bd3 b6 9. O-O Bb7 10. Qc2 Nd7
11. e4 Qh5 12. h3 c5 13. Bf4 cxd4 14. Nxd4 Nc5 15. Be2 Qg6 16. Rad1 Bxe4
0-1

[Event "Autumn Leisure 2009: 1600-2000"]
[Site "SchemingMind.com"]
[Date "2009.10.06"]
[Round "-"]
[White "1tamad"]
[Black "Brian Acebo"]
[Result "1-0"]
[WhiteCountry "USA"]
[BlackCountry "USA"]
[WhiteElo "1662"]
[WhiteRD "78"]
[BlackElo "1595"]
[BlackRD "70"]
[GameID "221788"]

1. d4 d5 2. e3 Nf6 3. Bd3 e6 4. Nd2 Bb4 5. c3 Bd6 6. f4 O-O 7. Ngf3 c5 8. Ne5 cxd4 9. exd4 a6 10. O-O Qc7
11. Rf3 h6 12. Rh3 h5 13. Ndf3 g6 14. Qe2 Kg7 15. Ng5 Nc6 16. Bd2 Bxe5 17. fxe5 b5 18. exf6+ Kg8 19. Rxh5 Rd8 20. Rh7 Rd7
21. Qg4 e5 22. Qh4
1-0

[Event "Autumn Leisure 2009: 1600-2000"]
[Site "SchemingMind.com"]
[Date "2009.10.05"]
[Round "-"]
[White "Mitchell-in"]
[Black "Kenny Elliott"]
[Result "1-0"]
[WhiteCountry "ENG"]
[BlackCountry "USA"]
[WhiteElo "1890"]
[WhiteRD "61"]
[BlackElo "1583"]
[BlackRD "77"]
[GameID "221858"]

1. e4 c5 2. Nf3 d6 3. d4 cxd4 4. Nxd4 e6 5. Nc3 Nf6 6. g4 e5 7. Bb5+ Bd7 8. Bxd7+ Nbxd7 9. Nf5 Nc5 10. Bg5 Be7
11. Nxg7+ Kf8 12. Nf5 Qb6 13. Qd2 Qxb2 14. Bxf6 Qxa1+ 15. Ke2 Qxh1 16. Bxe7+ Ke8 17. Qxd6 Nd7 18. Ng7#
1-0

[Event "Autumn Leisure 2009: 1600-2000"]
[Site "SchemingMind.com"]
[Date "2009.10.02"]
[Round "-"]
[White "Mitchell-in"]
[Black "keen"]
[Result "1-0"]
[WhiteCountry "ENG"]
[BlackCountry "SCO"]
[WhiteElo "1810"]
[WhiteRD "64"]
[BlackElo "1616"]
[BlackRD "60"]
[GameID "221859"]

1. e4 e6 2. d4 d5 3. Nd2 c5 4. exd5 Qxd5 5. Ngf3 Nc6 6. Bc4 Qd8 7. dxc5 Bxc5 8. O-O Nf6 9. Qe2 O-O 10. Nb3 Be7
11. Rd1 Qc7 12. Bg5 Nb4 13. c3 h6 14. Bh4 Nc6 15. Bg3 a6 16. Bxc7
1-0

[Event "Autumn Leisure 2009: 1600-2000"]
[Site "SchemingMind.com"]
[Date "2009.10.04"]
[Round "-"]
[White "Mitchell-in"]
[Black "1tamad"]
[Result "1-0"]
[WhiteCountry "ENG"]
[BlackCountry "USA"]
[WhiteElo "1834"]
[WhiteRD "65"]
[BlackElo "1653"]
[BlackRD "77"]
[GameID "221860"]

1. e4 e6 2. d4 d5 3. Nd2 a6 4. Bd3 Nc6 5. c3 dxe4 6. Nxe4 Nf6 7. Nf3 Be7 8. O-O O-O 9. Re1 h6 10. Qe2 b5
11. a4 b4 12. Bf4 a5 13. Bb5 Bb7 14. Nxf6+ Bxf6 15. Qe4 Qd5 16. Qxd5 exd5 17. Bxc7 Rac8 18. Bb6 Rfe8 19. Rxe8+ Rxe8 20. Bxa5 bxc3
21. bxc3 Rc8 22. Bb6 Ne7 23. Bc5 Nf5 24. a5 Be7 25. Bd7 Rxc5 26. dxc5
1-0

[Event "Autumn Leisure 2009: 1600-2000"]
[Site "SchemingMind.com"]
[Date "2009.10.06"]
[Round "-"]
[White "Mitchell-in"]
[Black "Brian Acebo"]
[Result "1-0"]
[WhiteCountry "ENG"]
[BlackCountry "USA"]
[WhiteElo "1840"]
[WhiteRD "63"]
[BlackElo "1533"]
[BlackRD "68"]
[GameID "221862"]

1. e4 c5 2. Nf3 d6 3. d4 cxd4 4. Nxd4 Nf6 5. Nc3 a6 6. f4 e6 7. Be2 Be7 8. O-O O-O 9. Kh1 b5 10. Bf3 Bb7
11. e5 dxe5 12. Bxb7 Ra7 13. fxe5 Rxb7 14. exf6 Bxf6 15. Be3 Rd7 16. Rxf6 Qxf6 17. Qg4 Rfd8 18. Nf3 Nc6 19. h3 Ne5 20. Nxe5 Qxe5
21. Bf4 Qc5 22. Ne4 Qxc2 23. Nf6+ Kf8 24. Nxd7+ Rxd7 25. Rc1 Qxb2 26. Rc8+ Ke7 27. Qg5+ Qf6 28. Qc5+
1-0

[Event "Autumn Leisure 2009: 1600-2000"]
[Site "SchemingMind.com"]
[Date "2009.10.05"]
[Round "-"]
[White "Kenny Elliott"]
[Black "Mitchell-in"]
[Result "0-1"]
[WhiteCountry "USA"]
[BlackCountry "ENG"]
[WhiteElo "1575"]
[WhiteRD "83"]
[BlackElo "1885"]
[BlackRD "64"]
[GameID "221863"]

1. d4 d5 2. c4 e5 3. cxd5 Qxd5 4. e3 exd4 5. Qxd4 Qxd4 6. exd4 Nf6 7. Nf3 Bb4+ 8. Nc3 O-O 9. Bd3 Nc6 10. O-O Bg4
11. Ng5 h6 12. Nge4 Nxe4 13. Bxe4 Nxd4 14. h3 Be6 15. Bxb7 Rab8 16. Bd5 Bxc3 17. bxc3 Ne2+ 18. Kh1 Bxd5 19. Be3 Nxc3 20. Bxa7 Ra8
21. Bc5 Rfe8 22. Be3 Rxa2 23. Rac1 Nb5 24. Rc5 c6 25. Rfc1 Rea8 26. Kh2 Ra1 27. R1c2 R8a2 28. Rxa2 Rxa2 29. Rc1 f6 30. Re1 Kf7
31. Bc5 Be6 32. Rd1 Rc2 33. Bb6 c5 34. f3 c4 35. Rb1 Na3 36. Ra1 Rc3 37. Bc5 Nb5 38. Ra5 Bd7 39. Bb4 Rb3 40. Bc5 c3
41. Be3 c2
0-1

[Event "Autumn Leisure 2009: 1600-2000"]
[Site "SchemingMind.com"]
[Date "2009.10.03"]
[Round "-"]
[White "keen"]
[Black "Mitchell-in"]
[Result "0-1"]
[WhiteCountry "SCO"]
[BlackCountry "ENG"]
[WhiteElo "1616"]
[WhiteRD "60"]
[BlackElo "1810"]
[BlackRD "64"]
[GameID "221864"]

1. d4 d5 2. c4 e5 3. dxe5 d4 4. Nf3 Nc6 5. Bg5 Be7 6. Bxe7 Ngxe7 7. e3 Bg4 8. Be2 Bxf3 9. Bxf3 dxe3 10. Bxc6+ Nxc6
11. Qe2 exf2+ 12. Qxf2 O-O 13. Qg3 Qe7 14. O-O Qxe5 15. Qxe5 Nxe5 16. b3 Rad8 17. Nc3 c6 18. Rae1 Rfe8 19. Re2 Rd3 20. Na4 b6
21. Nb2 Rdd8 22. Rfe1 f6 23. Na4 Kf7 24. Nc3 Nd3 25. Rxe8 Rxe8 26. Rxe8 Kxe8 27. Kf1 Ke7 28. Ne2 Kd6 29. Nd4 g6 30. Nf3 Nc1
31. Nd2 Nxa2 32. Ke2 Nb4 33. Ne4+ Ke5 34. Ke3 Nc2+ 35. Kd3 Nd4 36. Nd2 a5 37. h3 f5 38. g3 g5
0-1

[Event "Autumn Leisure 2009: 1600-2000"]
[Site "SchemingMind.com"]
[Date "2009.10.04"]
[Round "-"]
[White "1tamad"]
[Black "Mitchell-in"]
[Result "0-1"]
[WhiteCountry "USA"]
[BlackCountry "ENG"]
[WhiteElo "1662"]
[WhiteRD "78"]
[BlackElo "1903"]
[BlackRD "60"]
[GameID "221865"]

1. d4 d5 2. e3 c5 3. c3 Nc6 4. f4 e6 5. Nf3 Nh6 6. Bd3 Nf5 7. O-O Bd6 8. Ne5 Bxe5 9. fxe5 Nfe7 10. Qh5 Ng6
11. Nd2 Qe7 12. Nf3 Bd7 13. Ng5 Ncxe5 14. dxe5 Nxe5 15. Bc2 g6 16. Qh6 f6 17. Nf3 Nxf3+ 18. Rxf3 O-O-O 19. e4 Bc6 20. e5 d4
21. exf6 Qc7 22. f7 Bxf3 23. gxf3 Qxf7 24. f4 d3 25. Bb3 d2
0-1

[Event "Autumn Leisure 2009: 1600-2000"]
[Site "SchemingMind.com"]
[Date "2009.10.06"]
[Round "-"]
[White "Brian Acebo"]
[Black "Mitchell-in"]
[Result "0-1"]
[WhiteCountry "USA"]
[BlackCountry "ENG"]
[WhiteElo "1605"]
[WhiteRD "68"]
[BlackElo "1820"]
[BlackRD "63"]
[GameID "221867"]

1. e4 c6 2. d4 d5 3. Nc3 dxe4 4. Nxe4 Nf6 5. Nxf6+ gxf6 6. Bf4 Qb6 7. Nf3 Bg4 8. Be2 e6 9. Rb1 Nd7 10. O-O O-O-O
11. h3 Bh5 12. c3 Rg8 13. Nh4 Bxe2 14. Qxe2 Be7 15. b4 f5 16. a4 Bxh4 17. a5 Qa6 18. Qh5 Be7 19. Qf3 Qc4 20. Rfe1 Bg5
21. Bxg5 Rxg5 22. Rb2 Qd5 23. Qxd5 cxd5 24. f3 b6 25. Kf2 Kb7 26. axb6 Nxb6 27. Rc2 Rdg8 28. g4 fxg4 29. hxg4 Nc4 30. Ke2 h5
31. gxh5 Rxh5 32. Kd3 Rh3 33. Rf2 Rgg3 34. Ref1 Nd6 35. Kd2 Kb6 36. Kc2 Nf5 37. Kd3 Nh4 38. Ke2 Rxf3 39. Rxf3 Rxf3 40. Rxf3 Nxf3
41. Kxf3 Kb5 42. Kf4 Kc4 43. Ke5 Kxc3 44. Kf6 Kxd4 45. Kxf7 Kc4 46. Kxe6 d4 47. b5 Kxb5
0-1

[Event "Autumn Leisure 2009: 1600-2000"]
[Site "SchemingMind.com"]
[Date "2009.10.05"]
[Round "-"]
[White "tiggeronvrb"]
[Black "Kenny Elliott"]
[Result "1-0"]
[WhiteCountry "SCO"]
[BlackCountry "USA"]
[WhiteElo "1799"]
[WhiteRD "74"]
[BlackElo "1564"]
[BlackRD "81"]
[GameID "221964"]

1. e4 c5 2. d4 cxd4 3. c3 dxc3 4. Nxc3 e6 5. Bc4 Bc5 6. Nf3 Nc6 7. O-O Nge7 8. Qe2 O-O 9. Rd1 d6 10. Bg5 Qc7
11. Rac1 Ng6 12. a3 a5 13. Ba2 b6 14. h4 h6 15. h5 Nge5 16. Nxe5 Nxe5 17. Bf4 Nc6 18. Nb5 Ba6 19. Nxc7 Bxe2 20. Rd2 Rab8
21. Rxe2 e5 22. Be3 Ne7 23. Na6 Rbc8 24. Nxc5 dxc5 25. Rd2 Kh8 26. Rd7 Rfe8 27. Rcd1 c4 28. Rb7 Ng8 29. Rxf7 Nf6 30. f3 Nxh5
31. g4 Nf6 32. g5 hxg5 33. Bxg5 c3 34. bxc3 Rxc3 35. Bxf6 gxf6 36. Rdd7 Rg8+ 37. Kf2 Rc2+ 38. Ke3 Rh2 39. Be6 Rc8 40. Rc7 Rxc7
41. Rxc7 Rh7 42. Rxh7+ Kxh7 43. Kd3 Kg7 44. Kc4 Kf8 45. Kb5 Ke7 46. Bf5 Kd6 47. Kxb6 a4 48. Kb5 Ke7 49. Kxa4 Kd6 50. Kb5 Ke7
51. Kb6 Kf7 52. a4 Kg7 53. a5 Kh6 54. a6 Kg5 55. a7 Kf4 56. a8=Q
1-0

[Event "Autumn Leisure 2009: 1600-2000"]
[Site "SchemingMind.com"]
[Date "2009.10.03"]
[Round "-"]
[White "tiggeronvrb"]
[Black "keen"]
[Result "1-0"]
[WhiteCountry "SCO"]
[BlackCountry "SCO"]
[WhiteElo "1778"]
[WhiteRD "78"]
[BlackElo "1616"]
[BlackRD "58"]
[GameID "221965"]

1. e4 c5 2. d4 cxd4 3. c3 dxc3 4. Nxc3 Nf6 5. Bc4 Nc6 6. Nf3 e6 7. e5 Ng4 8. Qe2 Bc5 9. O-O O-O 10. h3 Nh6
11. Bxh6 gxh6 12. Ne4 Be7 13. Rfd1 Kh8 14. Rd3 Rg8 15. Rad1 Bh4 16. Bb3 Be7 17. a3 Rg7 18. Kh2 Qg8 19. g3 b6 20. Nf6 Bxf6
21. exf6 Rg6 22. Ne5 Nxe5 23. Qxe5 d5 24. Rc3 Qd8 25. Rdc1 Ba6 26. Rc7 Qxf6 27. Qxf6+ Rxf6 28. Kg2 Rg6 29. Rxf7 Rg7 30. Rcc7 Rxf7
31. Rxf7 Bd3 32. Re7 a5 33. Rxe6 Bg6 34. Bxd5 Rb8 35. Be4 Bxe4+ 36. Rxe4 Kg7 37. f4 Rd8 38. Re2 Kf6 39. Kf2 Rd1 40. g4 Rh1
41. Kg2 Rd1 42. f5 Rd6 43. a4 h5 44. Kf3 Rd4 45. b3 Rd3+ 46. Re3 Rd1 47. Re6+ Kf7 48. Rxb6 hxg4+ 49. hxg4 Rd3+ 50. Ke4 Rg3
51. Kf4 Rc3 52. Rb5 Kg7 53. g5 h5 54. gxh6+ Kxh6 55. Ke4 Rg3 56. Kd4 Kg5 57. Kc4 Rg4+ 58. Kc3 Rg3+ 59. Kb2 Rg2+ 60. Ka3 Rg1
61. Rxa5 Rg3 62. Rb5 Rf3 63. a5 Rf1 64. b4 Rd1 65. Kb3 Rd3+ 66. Kc4
1-0

[Event "Autumn Leisure 2009: 1600-2000"]
[Site "SchemingMind.com"]
[Date "2009.10.03"]
[Round "-"]
[White "tiggeronvrb"]
[Black "Mitchell-in"]
[Result "0-1"]
[WhiteCountry "SCO"]
[BlackCountry "ENG"]
[WhiteElo "1799"]
[WhiteRD "74"]
[BlackElo "1903"]
[BlackRD "60"]
[GameID "221966"]

1. e4 e5 2. Nf3 Nc6 3. Bc4 Bc5 4. O-O Nf6 5. d4 Bxd4 6. c3 Bb6 7. Qe2 O-O 8. Bg5 h6 9. Bh4 d6 10. Nbd2 Na5
11. Bd3 Bg4 12. h3 Bh5 13. Kh2 g5 14. Bg3 Bg6 15. Rad1 Nh5 16. b4 Nc6 17. Nc4 Nf4 18. Bxf4 exf4 19. Nxb6 axb6 20. Rfe1 Qf6
21. Rc1 Ne5 22. Nxe5 Qxe5 23. Kh1 Ra3 24. Qb2 Rfa8 25. Bc4 b5 26. Bb3 R3a7 27. Qe2 Re8 28. f3 Raa8 29. c4 bxc4 30. Rxc4 c6
31. Rc2 Kg7 32. Qd3 d5 33. Rce2 dxe4 34. fxe4 Rad8 35. Qc2 Bh5 36. Rd2 Rxd2 37. Qxd2 f5
0-1

[Event "Autumn Leisure 2009: 1600-2000"]
[Site "SchemingMind.com"]
[Date "2009.10.04"]
[Round "-"]
[White "tiggeronvrb"]
[Black "1tamad"]
[Result "0-1"]
[WhiteCountry "SCO"]
[BlackCountry "USA"]
[WhiteElo "1778"]
[WhiteRD "78"]
[BlackElo "1653"]
[BlackRD "77"]
[GameID "221967"]

1. e4 d6 2. d4 Nf6 3. Nc3 g6 4. f4 Bg7 5. Nf3 O-O 6. Bd3 c5 7. Be3 cxd4 8. Nxd4 Nc6 9. Nxc6 bxc6 10. O-O a5
11. Qd2 Ba6 12. Rad1 a4 13. a3 Bxd3 14. cxd3 Qa5 15. f5 Rab8 16. Rf2 Nd7 17. d4 c5 18. Nd5 Qd8 19. Bg5 Re8 20. Bh6 Bxd4
21. fxg6 Bxf2+ 22. Qxf2 hxg6 23. h4 Ne5 24. Qe2 Qd7 25. h5 Qg4
0-1

[Event "Autumn Leisure 2009: 1600-2000"]
[Site "SchemingMind.com"]
[Date "2009.10.06"]
[Round "-"]
[White "tiggeronvrb"]
[Black "Brian Acebo"]
[Result "1-0"]
[WhiteCountry "SCO"]
[BlackCountry "USA"]
[WhiteElo "1826"]
[WhiteRD "74"]
[BlackElo "1525"]
[BlackRD "68"]
[GameID "221969"]

1. e4 c5 2. d4 cxd4 3. c3 dxc3 4. Nxc3 Nc6 5. Bc4 Nf6 6. Nf3 d6 7. O-O g6 8. Qe2 Bg7 9. Rd1 O-O 10. e5 Ne8
11. exd6 Nxd6 12. Bg5 Qc7 13. Nd5 Qd7 14. Nxe7+ Nxe7 15. Bxe7 Re8 16. Rxd6 Qxe7 17. Qxe7 Rxe7 18. Rd8+ Bf8 19. Rc1 Kg7 20. Bb3 b6
21. Rcxc8 Rxc8 22. Rxc8 h6 23. h3 Rd7 24. Ne5 Re7 25. Nxf7 Re1+ 26. Kh2 Re2 27. Kg3 Rxb2 28. Rc7 Rd2 29. Ne5+ Kf6 30. Ng4+ Kg5
31. h4+
1-0

[Event "Autumn Leisure 2009: 1600-2000"]
[Site "SchemingMind.com"]
[Date "2009.10.05"]
[Round "-"]
[White "Kenny Elliott"]
[Black "tiggeronvrb"]
[Result "0-1"]
[WhiteCountry "USA"]
[BlackCountry "SCO"]
[WhiteElo "1583"]
[WhiteRD "77"]
[BlackElo "1834"]
[BlackRD "77"]
[GameID "221970"]

1. d4 c5 2. e3 d5 3. c4 e6 4. Nc3 Nf6 5. Nf3 Nc6 6. cxd5 exd5 7. Bb5 a6 8. Bxc6+ bxc6 9. O-O Bd6 10. Re1 O-O
11. e4 dxe4 12. Nxe4 Nxe4 13. Rxe4 Bf5 14. Re1 Qc7 15. Be3 cxd4 16. Bxd4 Bg4 17. Qd3 Rfd8 18. Qc3 f6 19. h3 Bh5 20. Rad1 Rab8
21. g4 Bf7 22. g5 c5 23. Be3 Bh5 24. Qc4+ Kh8 25. Kg2 Qc6 26. Rd5 Bxf3+ 27. Kxf3 Be5 28. Rd1 fxg5 29. Ke2 Rxb2+ 30. Ke1 Re8
31. Kf1 Bf6 32. Rxc5 Qh1#
0-1

[Event "Autumn Leisure 2009: 1600-2000"]
[Site "SchemingMind.com"]
[Date "2009.10.04"]
[Round "-"]
[White "keen"]
[Black "tiggeronvrb"]
[Result "0-1"]
[WhiteCountry "SCO"]
[BlackCountry "SCO"]
[WhiteElo "1616"]
[WhiteRD "58"]
[BlackElo "1778"]
[BlackRD "78"]
[GameID "221971"]

1. d4 c5 2. e3 d5 3. c3 Nf6 4. Bd3 Bg4 5. f3 Bd7 6. Nd2 Nc6 7. f4 e6 8. Ngf3 Bd6 9. Ne5 Qc7 10. O-O O-O
11. g4 Kh8 12. g5 Ng8 13. Bxh7 Nh6 14. Qh5 Kxh7 15. Ng4 f5 16. Nxh6 Be8 17. Nf7+ Kg8 18. g6 Rxf7 19. Qh7+ Kf8 20. gxf7 Qxf7
21. Nf3 Qg6+ 22. Qxg6 Bxg6 23. Ng5 Bf7 24. Rf2 c4 25. Bd2 Be7 26. Nxf7 Kxf7 27. Rg2 Rh8 28. Rf1 a6 29. Rf3 b5 30. Rfg3 Bf6
31. Be1 Ne7 32. Kf2 Bh4 33. Ke2 Bxg3 34. hxg3 Ng8 35. Kf3 Nf6 36. b3 Ne4 37. bxc4 dxc4 38. Rc2 g6 39. a4 Ke7 40. axb5 axb5
41. Ra2 Kf6 42. Ra6 Rh1 43. Bf2 Rf1
0-1

[Event "Autumn Leisure 2009: 1600-2000"]
[Site "SchemingMind.com"]
[Date "2009.10.03"]
[Round "-"]
[White "Mitchell-in"]
[Black "tiggeronvrb"]
[Result "1-0"]
[WhiteCountry "ENG"]
[BlackCountry "SCO"]
[WhiteElo "1885"]
[WhiteRD "64"]
[BlackElo "1826"]
[BlackRD "74"]
[GameID "221972"]

1. e4 c6 2. d4 d5 3. exd5 cxd5 4. c4 e6 5. Nc3 Nf6 6. Nf3 Nc6 7. Bg5 Be7 8. Bd3 O-O 9. O-O b6 10. Rc1 Bb7
11. Bxf6 Bxf6 12. cxd5 exd5 13. Re1 g6 14. Bb1 Qd6 15. Qd2 Rae8 16. a3 Bg7 17. Ba2 Ne7 18. Nb5 Qd7 19. a4 Bc6 20. Qb4 Nf5
21. h3 a6 22. Nc3 Rb8 23. Ne5 Bxe5 24. dxe5 Rfe8 25. Rcd1 d4 26. Ne4 Bxe4 27. Rxe4 Qc6 28. Ree1 Qc5 29. Qxc5 bxc5 30. e6 fxe6
31. Bxe6+ Kg7 32. Bxf5 Rxe1+ 33. Rxe1 gxf5 34. Re5 Rxb2 35. Rxc5 d3 36. Rd5 d2 37. Kh2 Kf6 38. Kg3 Ke6 39. Rd8 Rb3+ 40. f3 Rb2
41. Kf4 Ra2 42. Ke3 Rxa4 43. Rxd2 a5 44. Rb2 Kd5 45. Rb5+ Ke6 46. g4 fxg4 47. hxg4 Ra3+ 48. Kf4 a4 49. Rb7 Rb3 50. Rxh7 a3
51. Ra7 Kd5 52. g5 Kc4 53. g6
1-0